Statistics for Members of the Family

Click here to take the quiz!

General Stats

  • This quiz has been taken 784 times
  • The average score is 20 of 22

Answer Stats

RelationshipFamily Member% Correct
Your male siblingbrother
100%
Your male parentfather
100%
Your female parentmother
100%
Your female siblingsister
100%
The female sibling of your parentaunt
98%
The male sibling of your parentuncle
98%
Your female childdaughter
96%
Your male spousehusband
96%
Your male childson
96%
Your female spousewife
96%
The child of the sibling of your parentcousin
95%
The female parent of your spousemother-in-law
94%
The female parent of your parentgrandmother
93%
The male child of your siblingnephew
92%
The male child of your childgrandson
91%
The female child of your siblingniece
91%
The male sibling of your spousebrother-in-law
90%
The male parent of the parent of your parentgreat-grandfather
86%
The male sibling of the parent of your parentgreat-uncle
81%
The (non-biological) male parent married to your female parentstepfather
74%
The child of the above (2 words){second} {cousin}
50%
The child of the above (4 words){first} {cousin} {once} {removed}
45%

Score Distribution

Percentile by Number Answered

Percent of People with Each Score

Your Score History

You have not taken this quiz